Statistics for Historical Figures by Letter - N

Click here to take the quiz!

General Stats

  • This quiz has been taken 180 times
  • The average score is 14 of 20

Answer Stats

HintFigure% Correct
He was defeated at WaterlooNapoleon
99%
Gravity discovererIsaac Newton
98%
Fiddled while Rome burnedNero
94%
Victorious admiral at TrafalgarHoratio Nelson
90%
"Not a crook" presidentRichard Nixon
90%
Tsar overthrown in 1917Nicholas II
88%
Dynamite inventorAlfred Nobel
87%
Most famous Egyptian queen,
besides Cleopatra
Nefertiti
84%
Founder of modern nursingFlorence Nightingale
83%
16th century Frenchman credited
with predicting the future
Nostradamus
75%
Greatest Spanish tennis playerRafael Nadal
72%
He claimed that God is deadFriedrich Nietzsche
69%
First prime minister of IndiaJawaharlal Nehru
65%
Egyptian president who
nationalized the Suez Canal
Gamal Abdel
Nasser
56%
Nepalese co-climber of
Edmund Hillary
Tenzing Norgay
53%
Panamanian dictator, 1983-89Manuel Noriega
52%
Russian author of "Lolita"Vladimir Nabokov
50%
Inventor of basketballJames Naismith
36%
Golf's "Golden Bear"Jack Nicklaus
33%
Chilean poet who often wrote
in green ink
Pablo Neruda
25%

Score Distribution

Percentile by Number Answered

Percent of People with Each Score

Your Score History

You have not taken this quiz